[Event "COL-ch sf"]
[Site "Medellin"]
[Date "2018.03.16"]
[Round "4"]
[White "Ramirez, Jaime Orlando"]
[Black "Gonzalez Parejo, Ramon Junior"]
[Result "0-1"]
[WhiteElo "2090"]
[BlackElo "2133"]
[PlyCount "110"]
[EventDate "2018.03.14"]
[EventType "swiss"]
[EventRounds "10"]
[EventCountry "COL"]
[SourceTitle "CBM 183 Extra"]
[Source "ChessBase"]
[SourceDate "2018.04.19"]
[SourceVersion "1"]
[SourceVersionDate "2018.04.19"]
[SourceQuality "1"]

1. d4 d6 2. e4 g6 3. Nc3 Bg7 4. Bg5 Nd7 5. Qd2 h6 6. Be3 a6 7. Bc4 b5 8. Bb3 Bb7 9. d5 Ngf6 10. f3 Nc5 11. Nge2 c6 12. dxc6 Nxb3 13. axb3 Bxc6 14. 0-0 Bb7 15. Rfd1 Qc7 16. Nf4 0-0 17. Nfd5 Nxd5 18. exd5 Kh7 19. Bd4 Rac8 20. Rac1 Bxd4+ 21. Qxd4 Qc5 22. Ne4 Qxd4+ 23. Rxd4 f5 24. Nd2 Kg7 25. b4 f4 26. Ne4 Rf5 27. Nc3 Re5 28. Kf2 g5 29. Rcd1 Rf8 30. Ne4 Rff5 31. Nc3 Kg6 32. R1d2 h5 33. h3 Re3 34. Ne4 Re5 35. g3 g4 36. hxg4 hxg4 37. gxf4 Rxf3+ 38. Kg2 Rxf4 39. Nc3 Rxd4 40. Rxd4 Kf5 41. Kf2 Kg5 42. Rd1 Bc8 43. Rh1 Bf5 44. Rh8 Bxc2 45. Ra8 Bd3 46. Rxa6 Kf4 47. Ra8 g3+ 48. Kg2 Be4+ 49. Nxe4 Kxe4 50. Kxg3 Kxd5 51. Rc8 Re3+ 52. Kf2 Rb3 53. Rc2 Rxb4 54. Ke2 Re4+ 55. Kd2 Rc4 0-1

[Event "COL pre olympic sf"]
[Site "Bogota"]
[Date "2016.05.27"]
[Round "4"]
[White "Sanchez, Victor Hugo"]
[Black "Ramirez, Jaime Orlando"]
[Result "1-0"]
[WhiteElo "2302"]
[BlackElo "2091"]
[PlyCount "61"]
[EventDate "2016.05.25"]
[EventType "swiss"]
[EventRounds "9"]
[EventCountry "COL"]
[SourceTitle "CBM 172 Extra"]
[Source "ChessBase"]
[SourceDate "2016.06.21"]
[SourceVersion "1"]
[SourceVersionDate "2016.06.21"]
[SourceQuality "1"]

1. e4 c5 2. Nf3 e6 3. d4 cxd4 4. Nxd4 Nf6 5. Nc3 Bb4 6. e5 Nd5 7. Bd2 Nxc3 8. bxc3 Be7 9. Qg4 Kf8 10. Bd3 h5 11. Qe2 d6 12. exd6 Qxd6 13. 0-0 a6 14. a4 Nd7 15. Rfe1 Nc5 16. Qf3 Bf6 17. a5 Nxd3 18. cxd3 Qd5 19. Qe3 Bxd4 20. cxd4 Bd7 21. Rac1 Bc6 22. f3 Rd8 23. Bb4+ Kg8 24. Bc5 h4 25. h3 Qf5 26. Bb6 Rd5 27. Rc5 Rh5 28. Qd2 Qg6 29. Rxd5 Rxd5 30. Kf1 Bb5 31. Re4 1-0

[Event "Bogota University op 9th"]
[Site "Bogota"]
[Date "2015.10.12"]
[Round "9"]
[White "Ramirez, Jaime Orlando"]
[Black "Zabala, Fidel"]
[Result "1-0"]
[WhiteElo "2091"]
[BlackElo "1980"]
[PlyCount "52"]
[EventDate "2015.10.08"]
[EventType "swiss"]
[EventRounds "9"]
[EventCountry "COL"]
[SourceTitle "CBM 168 Extra"]
[Source "ChessBase"]
[SourceDate "2015.10.29"]
[SourceVersion "1"]
[SourceVersionDate "2015.10.29"]
[SourceQuality "1"]

1. d4 Nf6 2. e3 b6 3. Bd3 Bb7 4. Nf3 g6 5. 0-0 Bg7 6. Re1 0-0 7. e4 d6 8. h3 e6 9. Bg5 h6 10. Bf4 c5 11. c3 cxd4 12. cxd4 Nc6 13. Nc3 Nxd4 14. Nxd4 e5 15. Be3 exd4 16. Bxd4 Re8 17. Bb5 Re7 18. Qf3 Nh5 19. Rad1 f5 20. Bc4+ Kh7 21. Bxg7 fxe4 22. Nxe4 Kxg7 23. Bd5 Qf8 24. Qxf8+ Rxf8 25. Bxb7 Rxb7 26. Rxd6 Rc7 1-0

[Event "Bogota University op 9th"]
[Site "Bogota"]
[Date "2015.10.09"]
[Round "3"]
[White "Ramirez, Jaime Orlando"]
[Black "Bellido, Ray Yair"]
[Result "1-0"]
[WhiteElo "2091"]
[BlackElo "1625"]
[PlyCount "42"]
[EventDate "2015.10.08"]
[EventType "swiss"]
[EventRounds "9"]
[EventCountry "COL"]
[SourceTitle "CBM 168 Extra"]
[Source "ChessBase"]
[SourceDate "2015.10.29"]
[SourceVersion "1"]
[SourceVersionDate "2015.10.29"]
[SourceQuality "1"]

1. d4 Nf6 2. Bg5 d5 3. Nd2 Bf5 4. c4 e6 5. cxd5 exd5 6. Qb3 Bc8 7. Bxf6 Qxf6 8. Qxd5 Nc6 9. Ngf3 a6 10. e3 Be7 11. Qb3 0-0 12. Bd3 Bd7 13. a3 b5 14. Rc1 Rac8 15. 0-0 Na5 16. Qc2 h6 17. Ne5 Be8 18. b4 Nb7 19. Bf5 Rb8 20. Bd7 Bd6 21. Ndf3 a5 1-0

[Event "Bogota University op 9th"]
[Site "Bogota"]
[Date "2015.10.09"]
[Round "4"]
[White "Ruiz Castillo, Joshua Daniel"]
[Black "Ramirez, Jaime Orlando"]
[Result "1-0"]
[WhiteElo "2393"]
[BlackElo "2091"]
[PlyCount "78"]
[EventDate "2015.10.08"]
[EventType "swiss"]
[EventRounds "9"]
[EventCountry "COL"]
[SourceTitle "CBM 168 Extra"]
[Source "ChessBase"]
[SourceDate "2015.10.29"]
[SourceVersion "1"]
[SourceVersionDate "2015.10.29"]
[SourceQuality "1"]

1. e4 c6 2. d4 d5 3. e5 c5 4. dxc5 e6 5. Be3 Nc6 6. f4 d4 7. Bf2 Bxc5 8. c3 Nge7 9. b4 Bb6 10. b5 Na5 11. Bxd4 0-0 12. Nf3 Nf5 13. Bd3 Qc7 14. Nbd2 Rd8 15. Rc1 Ne3 16. Qe2 Rxd4 17. Qxe3 Ra4 18. Qe2 Rxa2 19. Qe4 g6 20. h4 Ra3 21. h5 Rxc3 22. Rxc3 Qxc3 23. Ke2 Nb3 24. hxg6 hxg6 25. Nxb3 Qxb3 26. Ng5 Qb2+ 27. Kd1 Ba5 28. Bc2 Qc3 29. Ke2 Bd7 30. Bd3 Qb2+ 31. Kf3 Bxb5 32. Bxb5 Qxb5 33. Nxf7 Qc6 34. Qxc6 bxc6 35. Rh8+ Kxf7 36. Rxa8 Bb6 37. Kg4 c5 38. Kg5 c4 39. Rc8 Bd8+ 1-0

[Event "COL-chT Cup"]
[Site "Bogota"]
[Date "2015.06.06"]
[Round "2.1"]
[White "Ramirez, Jaime Orlando"]
[Black "Guzman, Campo Elias"]
[Result "1-0"]
[WhiteElo "2089"]
[BlackElo "2015"]
[PlyCount "61"]
[EventDate "2015.06.06"]
[EventType "team-swiss"]
[EventRounds "6"]
[EventCountry "COL"]
[SourceTitle "CBM 166 Extra"]
[Source "ChessBase"]
[SourceDate "2015.06.18"]
[SourceVersion "1"]
[SourceVersionDate "2015.06.18"]
[SourceQuality "1"]
[WhiteTeam "Bogota MI Junior"]
[BlackTeam "Paralimpica Cun"]
[WhiteTeamCountry "COL"]
[BlackTeamCountry "COL"]

1. d4 e6 2. Nf3 d5 3. Bf4 Bd6 4. Bg3 f5 5. e3 Nf6 6. Be2 Qe7 7. c4 c6 8. Nc3 Nbd7 9. Qc2 Ne4 10. Bxd6 Qxd6 11. 0-0 0-0 12. Ne1 Rf6 13. f3 Nxc3 14. bxc3 Rh6 15. g3 Nf6 16. c5 Qe7 17. Nd3 Bd7 18. Rab1 Be8 19. Rb3 Rc8 20. Rfb1 Rc7 21. Qb2 Nh5 22. Bf1 g5 23. Rxb7 f4 24. Rxc7 Qxc7 25. Qb8 Qe7 26. exf4 Ng7 27. Rb7 Qf8 28. fxg5 Rg6 29. f4 Nf5 30. Ne5 Rg7 31. Ng4 1-0

[Event "Bogota Distrital-ch 77th"]
[Site "Bogota"]
[Date "2015.05.02"]
[Round "5"]
[White "Ramirez, Jaime Orlando"]
[Black "Forero, Edwin Johann"]
[Result "1-0"]
[WhiteElo "2089"]
[BlackElo "1975"]
[PlyCount "91"]
[EventDate "2015.04.30"]
[EventType "swiss"]
[EventRounds "7"]
[EventCountry "COL"]
[SourceTitle "CBM 166 Extra"]
[Source "ChessBase"]
[SourceDate "2015.06.18"]
[SourceVersion "1"]
[SourceVersionDate "2015.06.18"]
[SourceQuality "1"]

1. d4 d5 2. Nf3 Nf6 3. Bf4 c5 4. e3 Nc6 5. Nbd2 cxd4 6. exd4 Bf5 7. c3 Qb6 8. Qb3 e6 9. Qxb6 axb6 10. Bc7 Nd7 11. Be2 Be7 12. 0-0 0-0 13. Rfe1 Rfc8 14. Bg3 h6 15. Bf1 Nf6 16. h3 g5 17. Ne5 Nxe5 18. Bxe5 Ne4 19. Nxe4 Bxe4 20. f3 Bf5 21. Kf2 Ra5 22. g4 Bg6 23. Bg3 Bd8 24. Ke3 Rca8 25. a3 Rc8 26. Bd3 Bxd3 27. Kxd3 Bc7 28. Bxc7 Rxc7 29. h4 Kf8 30. hxg5 hxg5 31. Re5 Ke7 32. Rxg5 Ra8 33. Rh1 Rcc8 34. Rh7 Rh8 35. Rgh5 Rxh7 36. Rxh7 b5 37. g5 Rg8 38. f4 Kf8 39. Ke3 Rg7 40. Rh8+ Rg8 41. Rxg8+ Kxg8 42. f5 f6 43. Kf4 Kf7 44. fxe6+ Kg6 45. gxf6 Kxf6 46. e7 1-0

[Event "Bogota Distrital-ch 77th"]
[Site "Bogota"]
[Date "2015.04.30"]
[Round "1"]
[White "Ramirez, Jaime Orlando"]
[Black "Ruiz Aguilar, Pablo Alexander"]
[Result "1/2-1/2"]
[WhiteElo "2089"]
[BlackElo "2297"]
[PlyCount "164"]
[EventDate "2015.04.30"]
[EventType "swiss"]
[EventRounds "7"]
[EventCountry "COL"]
[SourceTitle "CBM 166 Extra"]
[Source "ChessBase"]
[SourceDate "2015.06.18"]
[SourceVersion "1"]
[SourceVersionDate "2015.06.18"]
[SourceQuality "1"]

1. d4 d5 2. Nf3 Nf6 3. Bf4 c5 4. e3 Nc6 5. c3 Qb6 6. Qb3 c4 7. Qxb6 axb6 8. Na3 Ra5 9. Bc7 e6 10. Nc2 Be7 11. Be2 0-0 12. Nd2 Ne8 13. Bg3 Nd6 14. Bxd6 Bxd6 15. f4 b5 16. a3 f6 17. 0-0 e5 18. Bf3 Ne7 19. fxe5 fxe5 20. dxe5 Bxe5 21. e4 dxe4 22. Bxe4 Bf5 23. Rae1 Bxe4 24. Rxe4 Rxf1+ 25. Kxf1 Nc6 26. Nf3 Bf6 27. Ncd4 Nxd4 28. Nxd4 Kf7 29. Ke2 b4 30. axb4 Ra2 31. Nb5 Rxb2+ 32. Kf3 Rd2 33. Rxc4 Be5 34. h3 g5 35. Nd4 Bf4 36. Ne2 Be5 37. Ke3 Rd1 38. Rc5 Kf6 39. Rb5 Rd7 40. Rb6+ Kf7 41. Ke4 Bf6 42. Nd4 Re7+ 43. Kd3 Rd7 44. Rb5 h5 45. Ke3 Re7+ 46. Kf3 Rc7 47. Rc5 Rd7 48. Ke4 Kg6 49. b5 Re7+ 50. Kf3 Rd7 51. Ke4 Re7+ 52. Kf3 Rd7 53. Ke3 g4 54. hxg4 hxg4 55. Ne2 Re7+ 56. Kf2 Bg5 57. Nd4 Bh4+ 58. g3 Bg5 59. b6 Rf7+ 60. Kg2 Bd8 61. Rb5 Rf6 62. Ne2 Rxb6 63. Nf4+ Kf7 64. Rxb6 Bxb6 65. Kf1 Bc7 66. Nd5 Bxg3 67. Ne3 Be5 68. Nxg4 Bxc3 69. Ke2 Ke6 70. Kd3 Bg7 71. Ne3 Kd7 72. Kc4 Kc6 73. Kb3 Kb5 74. Nc4 Bf8 75. Nb2 Bc5 76. Nc4 Be7 77. Nd2 Bg5 78. Nc4 Bf4 79. Na3+ Kc5 80. Nc4 Bc7 81. Nb2 Ba5 82. Nd3+ Kb5 1/2-1/2

[Event "Medellin Easter op"]
[Site "Medellin"]
[Date "2015.??.??"]
[Round "5"]
[White "Ramirez, Jaime Orlando"]
[Black "Lizarazo, Juan Carlos"]
[Result "0-1"]
[WhiteElo "2105"]
[BlackElo "2031"]
[PlyCount "70"]
[EventDate "2015.04.01"]
[EventType "swiss"]
[EventRounds "9"]
[EventCountry "COL"]
[SourceTitle "CBM 165 Extra"]
[Source "ChessBase"]
[SourceDate "2015.04.21"]
[SourceVersion "1"]
[SourceVersionDate "2015.04.21"]
[SourceQuality "1"]

1. e4 d6 2. d4 Nf6 3. Nc3 c6 4. a4 Qc7 5. Bc4 e5 6. Nge2 Be7 7. 0-0 0-0 8. f3 a5 9. Be3 Na6 10. Qd2 Nb4 11. Na2 d5 12. Nxb4 exd4 13. Nxd4 Bxb4 14. c3 Bd6 15. exd5 cxd5 16. Bd3 Bxh2+ 17. Kh1 Bg3 18. Ne2 Bd6 19. Bd4 Be5 20. Qg5 Re8 21. Bb5 Bd7 22. Bxd7 Nxd7 23. Rad1 Ra6 24. Kg1 Rg6 25. Qd2 Bh2+ 26. Kf2 Bd6 27. Rh1 Nc5 28. Qc2 h6 29. Rh5 Qe7 30. Rxd5 Qh4+ 31. Kf1 Ne6 32. Rxd6 Qh2 33. Bg1 Qxg2+ 34. Ke1 Nf4 35. Rxg6 Rxe2+ 0-1

[Event "Mosquera op"]
[Site "Mosquera"]
[Date "2014.11.03"]
[Round "8"]
[White "Ramirez, Jaime Orlando"]
[Black "Lopez Hernandez, Carlos Manuel"]
[Result "0-1"]
[WhiteElo "2064"]
[BlackElo "2313"]
[PlyCount "126"]
[EventDate "2014.10.30"]
[EventType "swiss"]
[EventRounds "9"]
[EventCountry "COL"]
[SourceTitle "EXT 2015"]
[Source "ChessBase"]
[SourceDate "2014.11.20"]
[SourceVersion "1"]
[SourceVersionDate "2014.11.20"]
[SourceQuality "1"]

1. d4 Nf6 2. Nf3 g6 3. Bg5 Bg7 4. Qc1 h6 5. Bf4 c5 6. e3 d6 7. Bb5+ Nbd7 8. c3 Nh5 9. Bg3 0-0 10. Be2 Nxg3 11. hxg3 d5 12. Nbd2 b6 13. a4 Qc7 14. Qb1 a6 15. 0-0 e5 16. dxe5 Nxe5 17. Nxe5 Qxe5 18. Bf3 Bf5 19. e4 dxe4 20. Bxe4 Rad8 21. Bxf5 Rxd2 22. Be4 c4 23. Bf3 Qc5 24. Qc1 Rfd8 25. Rb1 Be5 26. Qe1 R8d3 27. Be4 Rd6 28. Kh2 h5 29. f4 Bf6 30. Rf3 Kg7 31. Qg1 Re2 32. Qxc5 bxc5 33. Bb7 a5 34. Rff1 Rb6 35. Bd5 Rbxb2 36. Rxb2 Rxb2 37. Bxc4 Rc2 38. Rb1 Rxc3 39. Bd5 Rd3 40. Bc4 Rd4 41. Rc1 Be7 42. Kg1 h4 43. gxh4 Bxh4 44. Bb5 Rxf4 45. Rc4 Bf2+ 46. Kf1 Bd4+ 47. Ke1 Rg4 48. Rc2 Rg3 49. Kf1 f5 50. Re2 Kf6 51. Re8 f4 52. Ra8 g5 53. Rxa5 g4 54. Ra8 f3 55. gxf3 gxf3 56. Ke1 f2+ 57. Kd2 Rb3 58. Rf8+ Ke5 59. Re8+ Kd6 60. Rf8 Kc7 61. Kc2 c4 62. Kd1 Rb1+ 63. Ke2 Re1+ 0-1

[Event "Mosquera op"]
[Site "Mosquera"]
[Date "2014.11.02"]
[Round "7"]
[White "Ruge, Edison"]
[Black "Ramirez, Jaime Orlando"]
[Result "1/2-1/2"]
[WhiteElo "2220"]
[BlackElo "2064"]
[PlyCount "163"]
[EventDate "2014.10.30"]
[EventType "swiss"]
[EventRounds "9"]
[EventCountry "COL"]
[SourceTitle "EXT 2015"]
[Source "ChessBase"]
[SourceDate "2014.11.20"]
[SourceVersion "1"]
[SourceVersionDate "2014.11.20"]
[SourceQuality "1"]

1. e4 e6 2. d3 d5 3. Nd2 Nf6 4. Ngf3 Nc6 5. g3 dxe4 6. dxe4 Bc5 7. Bg2 e5 8. 0-0 0-0 9. Qe2 b6 10. Nb3 Bd6 11. Rd1 a5 12. c3 Ba6 13. Qc2 Qc8 14. a4 h6 15. Nh4 Re8 16. Nf5 Bf8 17. Ne3 Bd6 18. Nd2 Be2 19. Re1 Qa6 20. Nd5 Nxd5 21. exd5 Bd3 22. Qd1 Ne7 23. Ne4 Bxe4 24. Bxe4 Rad8 25. Qc2 Qc8 26. Bg2 Qb7 27. c4 Qc8 28. Bd2 Rf8 29. Bc3 f6 30. Re2 c6 31. Rd1 cxd5 32. cxd5 Qd7 33. Qb3 Rb8 34. h4 Rfc8 35. Kh2 Qc7 36. Bh3 Qc4 37. Be6+ Kh8 38. Qc2 Rc7 39. Re4 Qa2 40. Qe2 Rd8 41. Kg2 Rc5 42. Qh5 Rc4 43. Qg4 Rxe4 44. Qxe4 Qb3 45. Rd2 Rf8 46. g4 g6 47. Qe3 Kg7 48. f4 Qc4 49. fxe5 fxe5 50. Bxe5+ Bxe5 51. Qxe5+ Kh7 52. Qe2 Qf4 53. Rd3 Nc8 54. Bxc8 Rxc8 55. d6 Qf6 56. d7 Rd8 57. Qf2 Kg7 58. Qxf6+ Kxf6 59. Rd6+ Ke5 60. Rd2 Ke6 61. Kf3 Rxd7 62. Rxd7 Kxd7 63. b3 Kd6 64. Kf4 Ke6 65. Ke4 Kd6 66. Kd4 h5 67. g5 Ke6 68. Kc4 Kf5 69. Kd5 Kg4 70. Ke5 Kxh4 71. Kf6 Kg4 72. Kxg6 h4 73. Kf6 h3 74. g6 h2 75. g7 h1Q 76. g8Q+ Kf4 77. Qg5+ Ke4 78. Ke6 Qh3+ 79. Kd6 Qxb3 80. Qg4+ Kd3 81. Qf3+ Kc2 82. Qe2+ 1/2-1/2

[Event "Mosquera op"]
[Site "Mosquera"]
[Date "2014.10.31"]
[Round "2"]
[White "Arango Arenas, Juan Camilo"]
[Black "Ramirez, Jaime Orlando"]
[Result "0-1"]
[WhiteElo "2203"]
[BlackElo "2064"]
[PlyCount "63"]
[EventDate "2014.10.30"]
[EventType "swiss"]
[EventRounds "9"]
[EventCountry "COL"]
[SourceTitle "EXT 2015"]
[Source "ChessBase"]
[SourceDate "2014.11.20"]
[SourceVersion "1"]
[SourceVersionDate "2014.11.20"]
[SourceQuality "1"]

1. e4 c5 2. d4 cxd4 3. c3 dxc3 4. Nxc3 Nc6 5. Nf3 d6 6. Bc4 a6 7. 0-0 Nf6 8. a4 Bg4 9. Bf4 e6 10. b4 Be7 11. b5 Bxf3 12. Qxf3 Ne5 13. Bxe5 dxe5 14. bxa6 bxa6 15. Rfb1 Qa5 16. Bf1 0-0 17. Nd1 Bc5 18. Nb2 Bd4 19. Nc4 Qc5 20. Ra2 Rab8 21. Rxb8 Rxb8 22. Ne3 a5 23. Ng4 Nxg4 24. Qxg4 Rb1 25. Qe2 g6 26. Rc2 Qa3 27. Ra2 Qc3 28. Rc2 Qa1 29. Qc4 Re1 30. g3 Qd1 31. Ra2 Rxe4 32. Re2 0-1

[Event "Bogota-ch sf"]
[Site "Bogota"]
[Date "2014.03.23"]
[Round "5"]
[White "Guerrero, Hernando"]
[Black "Ramirez, Jaime Orlando"]
[Result "0-1"]
[WhiteElo "1851"]
[BlackElo "2067"]
[PlyCount "56"]
[EventDate "2014.03.21"]
[EventType "swiss"]
[EventRounds "7"]
[EventCountry "COL"]
[SourceTitle "CBM 159 Extra"]
[Source "ChessBase"]
[SourceDate "2014.04.24"]
[SourceVersion "1"]
[SourceVersionDate "2014.04.24"]
[SourceQuality "1"]

1. e4 c5 2. Nf3 Nc6 3. d4 cxd4 4. Nxd4 e6 5. Nc3 Qc7 6. Be2 Nf6 7. 0-0 a6 8. Kh1 Nxd4 9. Qxd4 Bc5 10. Qd3 b5 11. Bg5 Bb7 12. a3 h6 13. Bh4 Bd6 14. Bxf6 gxf6 15. h3 Be5 16. Nd1 Rg8 17. Bf3 Rc8 18. c3 Qd6 19. Qxd6 Bxd6 20. Ne3 Bf4 21. Rfe1 Rc5 22. Rad1 h5 23. h4 Re5 24. g3 Bxe3 25. Rxe3 f5 26. Rde1 fxe4 27. Bxe4 Rxe4 28. Rxe4 f5 0-1

[Event "COL-ch sf"]
[Site "Medellin"]
[Date "2014.??.??"]
[Round "9"]
[White "Ramirez, Jaime Orlando"]
[Black "Rincon R, Javier Duvan"]
[Result "1-0"]
[WhiteElo "2073"]
[BlackElo "1731"]
[PlyCount "57"]
[EventDate "2014.04.15"]
[EventType "swiss"]
[EventRounds "11"]
[EventCountry "COL"]
[SourceTitle "CBM 160 Extra"]
[Source "ChessBase"]
[SourceDate "2014.07.01"]
[SourceVersion "1"]
[SourceVersionDate "2014.07.01"]
[SourceQuality "1"]

1. e4 c5 2. Nc3 e6 3. Nf3 a6 4. d4 cxd4 5. Nxd4 Qc7 6. Bd3 Nf6 7. 0-0 Nc6 8. Nxc6 bxc6 9. Kh1 Be7 10. f4 d5 11. e5 Nd7 12. Qg4 g6 13. Be3 Bb7 14. Ne2 c5 15. c3 0-0-0 16. b4 h5 17. Qh3 Kb8 18. bxc5 Nxc5 19. Bxc5 Bxc5 20. Nd4 Bxd4 21. cxd4 Qc3 22. Rab1 Qa3 23. Rb3 Qxa2 24. Rfb1 Rd7 25. Qe3 Rc8 26. Qe1 Rdc7 27. Qb4 Ka8 28. R3b2 Rc1+ 29. Bf1 1-0

[Event "Bogota University op 7th"]
[Site "Bogota"]
[Date "2013.10.13"]
[Round "8"]
[White "Cespedes Galindo, Estefania"]
[Black "Ramirez, Jaime Orlando"]
[Result "0-1"]
[WhiteElo "1743"]
[BlackElo "2022"]
[PlyCount "26"]
[EventDate "2013.10.10"]
[EventType "swiss"]
[EventRounds "9"]
[EventCountry "COL"]
[SourceTitle "CBM 156 Extra"]
[Source "ChessBase"]
[SourceDate "2013.10.22"]
[SourceVersion "1"]
[SourceVersionDate "2013.10.22"]
[SourceQuality "1"]

1. d4 d5 2. c4 dxc4 3. e4 e5 4. Qa4+ Bd7 5. Qxc4 exd4 6. Qxd4 Nc6 7. Qd1 Bb4+ 8. Bd2 Qe7 9. Bd3 0-0-0 10. Nf3 Bg4 11. Qc2 Bxf3 12. gxf3 Bxd2+ 13. Nxd2 Nb4 0-1

[Event "Bogota University op 7th"]
[Site "Bogota"]
[Date "2013.10.13"]
[Round "7"]
[White "Ramirez, Jaime Orlando"]
[Black "Uribe Arteaga, Daniel"]
[Result "0-1"]
[WhiteElo "2022"]
[BlackElo "2289"]
[PlyCount "97"]
[EventDate "2013.10.10"]
[EventType "swiss"]
[EventRounds "9"]
[EventCountry "COL"]
[SourceTitle "CBM 156 Extra"]
[Source "ChessBase"]
[SourceDate "2013.10.22"]
[SourceVersion "1"]
[SourceVersionDate "2013.10.22"]
[SourceQuality "1"]

1. e4 e5 2. Nf3 Nc6 3. Bb5 a6 4. Ba4 Nf6 5. d3 b5 6. Bb3 Be7 7. 0-0 0-0 8. Re1 d6 9. c3 Na5 10. Bc2 c5 11. Nbd2 Qc7 12. Nf1 Bd7 13. Ng3 Rfe8 14. h3 h6 15. Nh2 d5 16. Nh5 d4 17. cxd4 cxd4 18. Nxf6+ Bxf6 19. Bd2 Bg5 20. Bxa5 Qxa5 21. Bb3 Qd2 22. Qf3 Qf4 23. Qxf4 Bxf4 24. g3 Bd2 25. Red1 Bb4 26. Kg2 Bd6 27. Rac1 Rac8 28. Bd5 a5 29. Nf3 Kf8 30. Ng1 Ke7 31. Ne2 g5 32. g4 h5 33. gxh5 b4 34. Bc4 g4 35. hxg4 Bxg4 36. f3 Bxh5 37. Ng3 Bg6 38. Rh1 Rh8 39. Rxh8 Rxh8 40. Bd5 a4 41. Rc4 Rb8 42. Rc6 a3 43. b3 Rd8 44. Kh3 Rh8+ 45. Kg2 Rd8 46. Kh3 Kf6 47. Kg4 Rd7 48. Kh3 Kg5 49. Bxf7 0-1

[Event "Bogota University op 7th"]
[Site "Bogota"]
[Date "2013.10.12"]
[Round "6"]
[White "De Arco, Luis Carlos"]
[Black "Ramirez, Jaime Orlando"]
[Result "1/2-1/2"]
[WhiteElo "2283"]
[BlackElo "2022"]
[PlyCount "74"]
[EventDate "2013.10.10"]
[EventType "swiss"]
[EventRounds "9"]
[EventCountry "COL"]
[SourceTitle "CBM 156 Extra"]
[Source "ChessBase"]
[SourceDate "2013.10.22"]
[SourceVersion "1"]
[SourceVersionDate "2013.10.22"]
[SourceQuality "1"]

1. e4 e5 2. Nf3 Nc6 3. Bb5 Nf6 4. d3 Ne7 5. 0-0 Ng6 6. Re1 c6 7. Ba4 d6 8. Bb3 Be7 9. Nbd2 0-0 10. Nf1 Be6 11. c3 Bxb3 12. Qxb3 Qb6 13. Qc2 Nh5 14. Ne3 Rfe8 15. Nf5 Bf8 16. Be3 Qc7 17. d4 Rab8 18. Rad1 h6 19. d5 c5 20. g3 Qd7 21. c4 b5 22. cxb5 Qxb5 23. b3 Nf6 24. Nd2 Ne7 25. Nxe7+ Bxe7 26. Nc4 Nh7 27. Qe2 Qd7 28. Na5 f5 29. exf5 Qxf5 30. Nc6 Ra8 31. Qc4 Bg5 32. h4 Bxe3 33. Rxe3 Qh3 34. Qf1 Qg4 35. Qe2 Qh3 36. Qf1 Qg4 37. Qe2 Qh3 1/2-1/2

[Event "Bogota University op 7th"]
[Site "Bogota"]
[Date "2013.10.11"]
[Round "4"]
[White "Torres, Juan Camilo"]
[Black "Ramirez, Jaime Orlando"]
[Result "1-0"]
[WhiteElo "2343"]
[BlackElo "2022"]
[PlyCount "73"]
[EventDate "2013.10.10"]
[EventType "swiss"]
[EventRounds "9"]
[EventCountry "COL"]
[SourceTitle "CBM 156 Extra"]
[Source "ChessBase"]
[SourceDate "2013.10.22"]
[SourceVersion "1"]
[SourceVersionDate "2013.10.22"]
[SourceQuality "1"]

1. d4 Nf6 2. c4 e6 3. Nc3 d5 4. Nf3 Be7 5. Bg5 0-0 6. e3 c5 7. cxd5 Nxd5 8. Bxe7 Nxe7 9. dxc5 Qa5 10. Bd3 Qxc5 11. 0-0 Nbc6 12. Rc1 Qh5 13. Ne4 e5 14. Ng3 Qh6 15. Rc4 g6 16. b4 a6 17. Qb1 Qg7 18. a4 Rd8 19. b5 axb5 20. axb5 Na5 21. Rc5 f6 22. Qa2+ Kh8 23. Be4 Bg4 24. Ra1 Qf8 25. Qc2 Be6 26. Rb1 Rac8 27. b6 Nac6 28. h4 Ra8 29. h5 Kg7 30. Qc3 Nd5 31. Qc1 Nde7 32. Bxc6 Nxc6 33. Rc2 Qe8 34. Rd2 Rxd2 35. Qxd2 Rd8 36. Qc3 Qd7 37. Ne4 1-0

[Event "Ortega op 3rd"]
[Site "Ortega"]
[Date "2013.06.09"]
[Round "6"]
[White "Ramirez, Jaime Orlando"]
[Black "Ruiz, Alciguel"]
[Result "1/2-1/2"]
[WhiteElo "2023"]
[BlackElo "2160"]
[PlyCount "25"]
[EventDate "2013.06.07"]
[EventType "swiss"]
[EventRounds "8"]
[EventCountry "COL"]
[SourceTitle "CBM 154 Extra"]
[Source "ChessBase"]
[SourceDate "2013.06.25"]
[SourceVersion "2"]
[SourceVersionDate "2013.06.25"]
[SourceQuality "1"]

1. d4 d5 2. c4 c6 3. Nc3 Nf6 4. Nf3 g6 5. Bf4 Bg7 6. e3 0-0 7. Bd3 dxc4 8. Bxc4 Nd5 9. Be5 Nxc3 10. bxc3 Nd7 11. Bxg7 Kxg7 12. 0-0 Nb6 13. Bd3 1/2-1/2

[Event "Bogota District final"]
[Site "Bogota"]
[Date "2013.04.12"]
[Round "3"]
[White "Lozano Ramirez, Nestor Favian"]
[Black "Ramirez, Jaime Orlando"]
[Result "1-0"]
[WhiteElo "2076"]
[BlackElo "2027"]
[PlyCount "95"]
[EventDate "2013.04.11"]
[EventType "tourn"]
[EventRounds "9"]
[EventCountry "COL"]
[SourceTitle "EXT 2018"]
[Source "ChessBase"]
[SourceDate "2017.10.13"]
[SourceVersion "1"]
[SourceVersionDate "2017.10.13"]
[SourceQuality "1"]

1. g3 d5 2. Bg2 Nf6 3. c4 e6 4. Nf3 Be7 5. 0-0 0-0 6. b3 b6 7. Bb2 Bb7 8. e3 dxc4 9. bxc4 c5 10. Nc3 Nc6 11. Qe2 Qd7 12. Rfd1 e5 13. Ne1 Rfe8 14. d3 Rad8 15. Bxc6 Bxc6 16. e4 Bd6 17. Bc1 Qe7 18. Bg5 h6 19. Bxf6 Qxf6 20. a4 Bc7 21. Nc2 Rd7 22. Ne3 Qe6 23. Ncd5 Bd8 24. Rdb1 Bg5 25. a5 Bxe3 26. Qxe3 Bxd5 27. cxd5 Qd6 28. Rb5 Rb7 29. axb6 axb6 30. Ra6 Reb8 31. f4 f6 32. f5 Kh7 33. Qd2 Qc7 34. Qa2 Qd6 35. Kf2 Qc7 36. h4 Qd6 37. h5 Qc7 38. Ke2 Kh8 39. Kd2 Qd6 40. Kc3 Kh7 41. Qc4 Kh8 42. Rb2 Qd7 43. Qb5 Qd6 44. Kc4 Kh7 45. Rba2 Qd8 46. Rb2 Rc7 47. Rxb6 Rxb6 48. Qxb6 1-0

[Event "Bogota District final"]
[Site "Bogota"]
[Date "2013.04.11"]
[Round "1"]
[White "Rojas Barrero, Andres Humberto"]
[Black "Ramirez, Jaime Orlando"]
[Result "1/2-1/2"]
[WhiteElo "2242"]
[BlackElo "2027"]
[PlyCount "95"]
[EventDate "2013.04.11"]
[EventType "tourn"]
[EventRounds "9"]
[EventCountry "COL"]
[SourceTitle "EXT 2018"]
[Source "ChessBase"]
[SourceDate "2017.10.13"]
[SourceVersion "1"]
[SourceVersionDate "2017.10.13"]
[SourceQuality "1"]

1. e4 g6 2. d4 Nf6 3. e5 Nh5 4. g4 Ng7 5. Bh6 d6 6. f4 c5 7. h3 cxd4 8. Nf3 Nc6 9. Nbd2 Nf5 10. Bxf8 Ne3 11. Qe2 Nxc2+ 12. Kf2 Kxf8 13. Rc1 Ne3 14. Nb3 dxe5 15. fxe5 Be6 16. Kg3 Bxb3 17. axb3 Qd5 18. Qd2 Nxe5 19. Nxd4 Nxf1+ 20. Rhxf1 h5 21. Rc5 Qd6 22. Qf4 Nd3 23. Qxd6 exd6 24. Rc7 Ne5 25. Nf3 Nxf3 26. Rxf3 Rh7 27. Rxb7 hxg4 28. hxg4 Rc8 29. b4 Rc4 30. b5 Rxg4+ 31. Kxg4 f5+ 32. Kg5 Rxb7 33. Kxg6 Rxb5 34. Kf6 Ke8 35. Ke6 Rxb2 36. Kxd6 Rb5 37. Ke6 a5 38. Rh3 Kd8 39. Kd6 Rb6+ 40. Ke5 Kc7 41. Kxf5 Rd6 42. Ke4 Kb6 43. Rd3 Rh6 44. Kd4 Kb5 45. Kc3 Ka4 46. Kb2 Rh2+ 47. Ka1 Kb4 48. Rg3 1/2-1/2